Statistics for Top 15 Best football teams in Germany

Click here to take the quiz!

General Stats

  • This quiz has been taken 553 times
  • The average score is 9 of 15

Answer Stats

PositionClub% Correct
1Bayern Munich
99%
4Borussia Dortmund
97%
3Hamburg SV
84%
7FC Schalke 04
80%
11Bayer 04 Leverkusen
75%
5VfB Stuttgart
70%
81. FC Köln
68%
2Werder Bremen
64%
6Borussia Mönchengladbach
63%
12Hertha BSC
61%
9Eintracht Frankfurt
44%
141. FC Nürnberg
41%
101. FC Kaiserslautern
40%
13VfL Bochum
25%
15MSV Duisburg
15%

Score Distribution

Percentile by Number Answered

Percent of People with Each Score

Your Score History

You have not taken this quiz